000 00720nam a2200265Ia 4500
005 20260302114750.0
008 008 260114s9999 xx 000 0 eng d
020 _a9781350270572
037 _aTextbook
040 _aCRL
040 _beng
040 _cCRL
041 _2eng
041 _aeng
084 _qCRL
100 _aJonathan Dil
_91119691
245 0 _aHaruki Murakami and the Search for Self-Therapy Stories from the Second Basement
260 _bBloomsbury
260 _bBloomsbury Academic
260 _c2022
650 _aLiterary Studies
856 _uhttps://doi.org/10.5040/9781350270572?locatt=label:secondary_bloomsburyCollections
942 _cEBOOK
999 _c1683758
_d1683758